| 000 | 00000nam##2200000za#4500 |
| 001 | 9.578373 |
| 003 | CaOODSP |
| 005 | 20210624190046 |
| 007 | cr ||||||||||| |
| 008 | 150406|2011||||xxc|||||o f|0| 0 eng|d |
| 022 | |a1919-5044 |
| 040 | |aCaOODSP|beng |
| 043 | |an-cn--- |
| 086 | 1 |aFs70-5/2011-100E-PDF |
| 110 | 1 |aCanada. |bDepartment of Fisheries and Oceans. |
| 245 | 10|aHistorical abundance of Northwest Atlantic harp seals (Pagophilus groenlandicus) : |h[electronic resource]|binfluence of harvesting and climate / |c[by] M.O. Hammill, G.B. Stenson and M.C.S. Kingsley. |
| 260 | |aMont-Joli - Quebec : |bFisheries and Oceans Canada |cc2011. |
| 300 | |a20p.|bgraphs, map, references |
| 490 | 1 |aCanadian Science Advisory Secretariat research document|x1919-5044|v2011/100, Quebec and Newfoundland and Labrador Regions |
| 546 | |aText in English, abstracts in both languages. |
| 590 | |a14-02-Supp|b2014-01-08 |
| 830 | #0|aResearch document (Canadian Science Advisory Secretariat)|x1919-5044|v2011/100, Quebec and Newfoundland and Labrador Regions|w(CaOODSP)9.507396 |
| 856 | 40|ahttp://publications.gc.ca|qPDF|s591 KB|uhttps://publications.gc.ca/collections/collection_2013/mpo-dfo/Fs70-5-2011-100-eng.pdf|y2011/100, Quebec and Newfoundland and Labrador Regions |